| 000 | 01284nam0a2200337 4500 | ||
|---|---|---|---|
| 001 | RU\NLR\bibl\1105499 | ||
| 005 | 20250615060421.0 | ||
| 010 |
_a978-5-358-01153-3 _bВ пер. _915000 |
||
| 021 |
_aRU _b2007-36046 _91913 |
||
| 035 | _a(nilc)RSL-KNO-003125789 | ||
| 035 | _a(NLR Aleph) 001092565 | ||
| 090 |
_a1127591 _c1127591 |
||
| 100 | _a20070605d2007 |||y0rusy50 ca | ||
| 101 | 0 | _arus | |
| 102 | _aRU | ||
| 105 | _ay z ||||| | ||
| 200 | 1 |
_aХимия _eполный сборник задач _eдля школьников старших классов и поступающих в вузы _fР. А. Лидин |
|
| 210 |
_aМосква _cДрофа _d2007 |
||
| 215 |
_a606, [1] с. _cтабл. _d22 |
||
| 225 | 1 | _aВ помощь абитуриенту | |
| 606 | 1 |
_aХимия _jЗадачники _xЗадачи _91882964 _3RU\NLR\auth\661146219 |
|
| 610 | 0 | _aХимические науки -- Задачник для подготовки в высшую школу | |
| 686 |
_aГ.я729-4 _2rubbk |
||
| 686 | _aГ1я721-4 | ||
| 700 | 1 |
_aЛидин _bР. А. _gРостислав Александрович _4070 |
|
| 801 | 0 |
_aRU _bРКП _c20070605 |
|
| 801 | 1 |
_aRU _bРГБ _c20070605 |
|
| 801 | 2 |
_aRU _bNLR _c20070706 _grcr |
|
| 942 | _cBOOK | ||
| 980 | _aNB | ||